000 01075nam1a2200289 i 4500
001 RU\NLR\bibl\53287
005 20240919202122.0
035 _a(NLR Aleph) 000051991
090 _a279015
_c279015
100 _a19991018g19 9999u y0rusy50 ca
101 0 _arus
102 _aRU
105 _aa |||||||||
200 1 _aБизнес-карта 99. Швейная промышленность
_e[Деловые справ.]
210 _aМ.
_cАДИ "Бизнес карта"
_d1999
215 _d21
300 _aНа обороте тит. л. загл.: Бизнес-карта 99. Промышленность. Отрасль
463 0 _100152603
517 0 _aШвейная промышленность
517 0 _aПромышленность. Отрасль
606 1 _aШвейная промышленность
_jБизнес-карты
_yСтраны СНГ
_92117415
_3RU\NLR\auth\661279005
686 _aУ30(2)65я2
801 0 _aRU
_bNLR
_c19991018
_gPSBO
801 1 _aRU
_bNLR
_c19991018
852 _aNLR
_j99-3/12404
942 _cBOOK